000 00597nam a2200229Ia 4500
003 OSt
005 20220928103725.0
006 a|||||r|||| 00| 0
007 ta
008 220927b |||||||| |||| 00| 0 eng d
024 _a33056
037 _cTextual
040 _aSDCL
_cSDCL
_beng
041 _2eng
_aeng
082 _aSigma:f, M5
100 _aSatydev
_9406763
245 0 _aSamajik vigyano ki shood padtiya.
260 _aChandigarh
_bHariyana sahitya academi
_c1985
300 _a240p
_ccm.
942 _hSigma:f, M5
_cTEXL
_2CC
999 _c722300
_d722300